| 000 | 01671cam a22003131 4500 | ||
|---|---|---|---|
| 001 | gs 13000115 | ||
| 003 | DLC | ||
| 005 | 20260227111314.0 | ||
| 008 | 770321s1912 dcuabf b f001 0 eng c | ||
| 010 | _ags 13000115 | ||
| 035 | _a(OCoLC)2823459 | ||
| 040 |
_aU. S. Geol. survey. Library _cODa _dOCoLC _dDLC |
||
| 042 | _apremarc | ||
| 050 | 0 | 0 |
_aTC801 _b.U2 no. 259 |
| 051 |
_aGB1025.O3 _bF8 |
||
| 100 | 1 | _aFuller, Myron L. | |
| 245 | 1 | 4 |
_aThe underground waters of southwestern Ohio / _cby M. L. Fuller and F. G. Clapp ; with a discussion of the chemical character of the waters by R. B. Dole. |
| 260 |
_aWashington : _bGovt. print. off., _c1912. |
||
| 300 |
_a228 p., [6] leaves of plates : _bill., fold. maps, diagrs. ; _c24 cm. |
||
| 440 | 0 |
_aGeological Survey water-supply paper ; _v259 |
|
| 500 | _aIncludes index. | ||
| 501 |
_aTC801.U2 no. 259 with: Preliminary report on the ground waters of Estancia Valley, New Mexico / by Oscar E. Meinzer -- Surface water supply of the United States, 1909. Part I, North Atlantic Coast / by H.K. Barrows, C.C. Covert and R.H. Bolster -- Surface water supply of the United States, 1909. Part II, South Atlantic Coast and eastern Gulf of Mexico / by M.R. Hall and R.H. Bolster. Washington : Govt. print. off., 1910-1911. Bound together subsequent to publication. _5DLC |
||
| 504 | _aBibliography: p. 16-17. | ||
| 530 | _aAlso available in digital form on the Internet Archive Web site. | ||
| 650 | 0 |
_aGroundwater _zOhio. |
|
| 700 | 1 |
_aClapp, Frederick G. _q(Frederick Gardner), _d1879-1944. |
|
| 700 | 1 |
_aDole, Richard B. _q(Richard Bryant), _d1880-1917. |
|
| 856 | 4 | 1 | _uhttp://hdl.loc.gov/loc.gdc/scd0001.00199536539 |
| 999 |
_c25238 _d25238 |
||